MDQL
is popping MORE tags! Check the
thread
!
Quizzes
Events
Quiz Creation
Community
Videos
Private Events
Remove Ads
Sign In
Join for FREE
Feedback
Dark Mode
Quiz Categories
Sports
Geography
Music
Movies
Television
Just For Fun
Miscellaneous
History
Literature
Language
Science
Gaming
Entertainment
Religion
Holiday
For Kids
Quiz Lab
Recent
Popular Today
Quiz Kudos Today
Editor Picks
Curator Picks
Quizzes by...
Day
Popularity
Type
Ratings
Length
Year
Community
Subscriptions
Recent Discussions
Orange Saloon
Badges
Playlists
Quests
Create
Leaderboards
Showdown
Live 5
Trivia Bingo
Activity
Puzzle Library
Sporcle Events
Private Events
Virtual Trivia
Globe League
Become a Host
Pub Owners
SporcleCon
Opinionation
Our Games
Videos
Blog
Mobile Apps
Partnerships
Remove Ads and Go Orange
Feedback
Music
Pop Music
The Beatles
Song
Album
Lyrics
Bands
Singers
Artist
Clip
Rock
Rap
Classical
Billboard
Country Music
Kpop
Taylor Swift
Music
Pop Music
The Beatles
Song
Album
Lyrics
Bands
Singers
Artist
Clip
Rock
Rap
Classical
Billboard
Country Music
Kpop
Taylor Swift
Random Quiz
Search Sporcle
×
Quiz Lab
Quiz Lab
Music
Modern Orchestra
Type in answers that appear in a list
Type in answers that appear in a list
Classic
Best Score? Go Orange.
Instruments in a Modern Orchestra Stats
Can you name the Instruments in a Modern Orchestra?
By
boylesw
13m
36 Questions
210 Plays
210 Plays
210 Plays
Comments
Comments
Give Quiz Kudos
Give Quiz Kudos
-
- Ratings
hide this ad
Replay
Link that replays current quiz
Next Quiz
Link to next quiz in quiz playlist
You Got
0%
They Got
Avg Score
42%
Avg Friend Score
Upgrade to see
Score Distribution
Jump to the score distribution portion of the page
Score
0/36
Timer
13:00
0
Plays Today
% Correct
Violin
90.5%
Flute
89.5%
Bass
87.1%
Oboe
85.2%
Clarinet
85.2%
Piano
83.8%
Viola
83.3%
Trumpet
79.5%
Tuba
75.2%
Trombone
73.8%
Bassoon
69.5%
Harp
67.1%
Snare
64.3%
Piccolo
62.4%
Xylophone
56.7%
Timpani
53.8%
Triangle
51.4%
English Horn
39.5%
% Correct
Chimes
31%
Contrabassoon
30%
Glockenspiel
30%
Tambourine
20.5%
Celesta
18.6%
Vibraphone
14.3%
Tam-Tam
12.9%
Violoncello
12.9%
Tenor
11.9%
Wood Block
11.9%
Cymbols
9.5%
Castanets
8.1%
Bongos
6.7%
Congas
5.7%
Guiro
3.3%
Whip
1.9%
Double Basses
1.9%
Tuned Gongs
0.5%
Quiz Playlist
Details
Report
Send in Message
Add To Playlist
Classic:
Type in answers that appear in a list
Last Updated: Feb 16, 2017
Quiz Scoreboard
CHALLENGE
Sign Up to Join the Scoreboard
Show All
Scores
Hide
Comments
May contain spoilers
Recently Published
Colored Red Africa Blitz
by spor1
Geography
30s
Find the 'City' Movie
by crazypaving
Movies
60s
5x2 Blitz: Bands
by SL_Kpop136
Music
30s
More to Explore
Quiz From the Vault
Featured Blog Post
14 Easter Pick-up Lines to Find Eggs With
hide this ad
You Might Also Like...
Tags
instrument
Modern
Modern Orchestra
orchestra
Today's Top Quizzes in Music
Browse Music
hide this ad
Today's Top Quizzes in Modern Orchestra
Browse Modern Orchestra
Top Contributed Quizzes in Music
1
5X2 Blitz: Bands II
2
Taylor Swift Logic Puzzle II
3
Taylor Swift All Songs (2024)
4
5X2 Blitz: The Beatles
5
5X2 Blitz: Billboard
6
5X2 Blitz: Singers
7
5X2 Blitz: Album
8
5X2 Blitz: Rock
9
Music Artist by Three 2010s hits
10
5X2 Blitz: Billboard II
Explore More
Trending Topics
Marvel
Harry Potter
Kpop
Disney
NBA
Crossword
Anime
Soccer
WWE
Pokémon
Country
NFL
Song
Puzzle
The Office
hide this ad
More By:
boylesw
Quiz
Plays
Rating
Category
Featured
Created
The Number 3
254
1.40
Just For Fun
Nov 13, 2009
Instruments in a Modern Orchestra
210
1.00
Music
Nov 20, 2009
Go to Creator's Profile
Score Distribution
Quiz Creator Spotlight
boylesw
Follow
Send a Message
Quizzes Created
-
Created Quiz Play Count
-
More By This Creator
Popular Quizzes Today
1
Find the 'City' Movie
2
5x2 Blitz: Bands
3
Colored Red Africa Blitz
4
Find the US States - No Outlines Minefield
5
The Countries of the World
6
Find the US States
7
9x9 Crossword: Cartoon Network
8
US States
More Music Quizzes
Mariah Carey #1s (US)
Published
Trending Quizzes
Colored Red Europe Blitz I
Colored Red Africa Blitz II
Colored Red Europe Blitz III
Colored Red Europe Blitz II
Colored Red Africa Blitz III
Recently Updated
Champions League XIs: Real Madrid
pecheneg
Largest US Cities 1790-2010
pecheneg
Rides in Walt Disney World
pecheneg
Most Oscar Losses (Acting)
pecheneg
Beyoncé Albums
pecheneg
Leaping Animals
pecheneg
Reality TV Shows (A-Z)
bhenderson79
Rickey Henderson's Hall of Fame Teammates
pecheneg
Champions League XIs: Arsenal
pecheneg
Quick Pick: Celebrities in WWE's Hall of Fame
aduchscher
Trending Topics
Disney
Crossword
Kpop
NBA
Marvel
Harry Potter
Anime
NFL
WWE
Song
Puzzle
Soccer
Country
Pokémon
The Office
Your Account Isn't Verified!
In order to create a playlist on Sporcle, you need to verify the email address you used during registration. Go to your
Sporcle Settings
to finish the process.
Report this User
Report this user for behavior that violates our
Community Guidelines
.
Details:
Send Report
Go to the Sporcle.com Mobile Site →
Comments